000 00544nam a2200217Ia 4500
003 OSt
005 20220926041942.0
006 a|||||r|||| 00| 0
007 ta
008 220923b |||||||| |||| 00| 0 eng d
037 _cGeneral Book
040 _aRTL
_cRTL
_beng
041 _2eng
_aeng
082 _aY, J6
100 _aWirth Louis
245 0 _aCommunity life and social policy ed by Elizabeth w
260 _c1956
650 _aEssays Sociology
942 _hY, J6
_cGB
_2CC
999 _c668500
_d668500